Supreme Court on Insolvency and Bankruptcy code: (Record no. 181539)

MARC details
000 -LEADER
fixed length control field 00710nam a22001937a 4500
005 - DATE AND TIME OF LATEST TRANSACTION
control field 20220216161113.0
010 ## - LCCN (DPL NO)
LC control number ENG-1299948
020 ## - INTERNATIONAL STANDARD BOOK NUMBER
International Standard Book Number 978-93-91211-05-9
Terms of availability 1395.00
035 ## - SYSTEM CONTROL NUMBER
System control number EN-113480
037 ## - SOURCE OF ACQUISITION
Source of stock number/acquisition DBAD/PUB
082 ## - DEWEY DECIMAL CLASSIFICATION NUMBER
Classification number 346.54078
100 ## - MAIN ENTRY--PERSONAL NAME
Personal name Mylsamy,A K
245 ## - TITLE STATEMENT
Title Supreme Court on Insolvency and Bankruptcy code:
Remainder of title An encyclopedia of cases/
Statement of responsibility, etc by AK Mylsamy,P S Suman
260 ## - PUBLICATION, DISTRIBUTION, ETC. (IMPRINT)
Name of publisher, distributor, etc Lexis Nexis
Place of publication, distribution, etc India
Date of publication, distribution, etc 2021
270 ## - ADDRESS
City Gurgaon
Postal code 122002
Address 14th Floor , Building No 10, Tower-B, DLF Cyber City, phase -ll
Telephone number +91 124 4774444
Fax number +91 124 4774100
Electronic mail address help.in@lexisnexis.com
300 ## - PHYSICAL DESCRIPTION
Extent lxxxii,712p.
Dimensions 25cm(hbk)
Other physical details vol.1-2
700 ## - ADDED ENTRY--PERSONAL NAME
Personal name Suman,PS
942 ## - ADDED ENTRY ELEMENTS (KOHA)
Source of classification or shelving scheme Dewey Decimal Classification
Item type English Books
Classification part 346.54078
Call number suffix MYL
Holdings
Withdrawn status Lost status Not for loan Collection code Home library Current library Date acquired Source of acquisition Cost, normal purchase price Full call number Barcode Copy number Cost, replacement price Koha item type
      Non-fiction Ashok Vihar Ashok Vihar 21/09/2021 DBAD/PUB 1395.00 346.54078 MYL EN-113480 1 1395.00 English Books

© Delhi Public Library
Hit Counter
free hit counter